| 000 | 00547nam a2200217Ia 4500 | ||
|---|---|---|---|
| 003 | OSt | ||
| 005 | 20240105115550.0 | ||
| 008 | 210210b1989 xxu||||| |||| 00| 0 eng d | ||
| 040 | _cAL | ||
| 041 | _aEnglish | ||
| 082 | _a658.8 SINP | ||
| 100 |
_aSINHA (J C). _9147448 |
||
| 245 | _aPrinciples of marketing and salesmanship | ||
| 250 | _a16 | ||
| 260 |
_aNew Delhi. _bR Chand & Co., _c1989 |
||
| 300 | _axii,404 | ||
| 650 |
_aMarketing Salesmanship _9147449 |
||
| 690 |
_aMarketing Management _9147450 |
||
| 906 | _a044521 | ||
| 942 |
_2ddc _cBK |
||
| 999 |
_c94196 _d94196 |
||